| 000 | 00483nam a22001817a 4500 | ||
|---|---|---|---|
| 003 | OSt | ||
| 005 | 20260408012652.0 | ||
| 008 | 260408b |||||||| |||| 00| 0 eng d | ||
| 020 | _a0-373-97021-8. | ||
| 040 |
_aDWC-Main lib. _cOC |
||
| 082 | _aFic. B291d 1986 | ||
| 100 | _aBartlett, Lynn | ||
| 245 |
_aDefy the eagle/ _cLynn Bartlett |
||
| 260 |
_aCanada : _bWorldwide Library, _cc1986. |
||
| 300 |
_a415 p. ; _c20 cm. |
||
| 650 | _a1. Fiction. | ||
| 942 |
_2ddc _cFIC. _hFic. _n0 |
||
| 999 |
_c9333 _d9333 |
||